• 首页
  • 本馆介绍
  • 公告通知
  • 最新文献
  • 馆藏检索
  • 电子资源
  • 读者导购
  • 参考咨询
  • 我的图书馆
  • 登录
  • 详细信息显示
  • 放入我的书架
  • 预约/预借图书
  • 作者相关作品
  • 分类相关作品
  • 丛书相关作品
  • 出版社相关作品

书目信息

  • 表格格式
  • 工作单格式
  • 卡片格式
题名:
俄国末代沙皇尼古拉二世
    
 
作者: 维特 著 ;张开 译
分册:  
出版信息: 北京   新华出版社  1983
页数: 452页
开本: 21cm
丛书名:
单 册:
中图分类: K512.4 , K832.127.4
科图分类:
主题词: 东欧--历史 , 中欧--历史
电子资源:
ISBN:
000 00841nam0 2200289 45
001 0183004171
005 20060801093736.53
010    @dCNY1.50
091    @a3203.021
100    @a19950808d1983 em y0chiy0121 ea
101 1  @achi@crus
102    @aCN@b110000
105    @ay z 000yb
200 10 @a俄国末代沙皇尼古拉二世@Ae guo mo dai sha huang ni gu la er shi@e维特伯爵的回忆@f(俄)谢·尤·维特著@g张开译
210    @a北京@c新华出版社@d1983
215    @a452页@d21cm
517 1  @a维特伯爵的回忆@Awei te bo jue de hui yi
600  1 @a尼古拉二世@x传记
606 0  @a东欧@x历史
606 0  @a中欧@x历史
690    @aK512.4
690    @aK832.127.4@v3
701  1 @a维特@Awei te@b谢·尤@4著
702  0 @a张开@Azhang kai@4译
801  2 @aCN@bNLC@c20060801
801  0 @aCN@b上海图书馆@c20040511
905    @f2@b99425-426@dK512.4@e7
    
    俄国末代沙皇尼古拉二世:维特伯爵的回忆/(俄)谢·尤·维特著/张开译.-北京:新华出版社,1983
    452页;21cm
    
    
    ISBN :CNY1.50
    
●
相关链接 在E读中查询图书 在五车中查询图书 在当当中查询图书 在豆瓣中查询图书


正题名:俄国末代沙皇尼古拉二世     索取号:K512.4/7         预约/预借

序号 登录号 条形码 馆藏地/架位号 状态 备注
1 0099425   001414598   第二借阅区/ [索取号:K512.4/7] 在馆    
2 0099426   001414687   第二借阅区/ [索取号:K512.4/7] 在馆    
3 0099427   001414632   第二样本阅览室/ [索取号:K512.4/7] 在馆    
4 0444058   204440587   密集书库/ [索取号:K512.4/7] 在馆    
5 0466497   204664979   密集书库/ [索取号:K512.4/7] 在馆    
欢迎您!
大连网信软件有限公司© 版权所有